| 000 | 00490nam a22001457a 4500 | ||
|---|---|---|---|
| 005 | 20251014110244.0 | ||
| 008 | 251014b |||||||| |||| 00| 0 eng d | ||
| 040 | _cPK-LaUMT | ||
| 082 |
_a954.031 _bSHA-A |
||
| 100 |
_a Shafi, Mian Muhammad = شفیع، میاں محمد _97580 |
||
| 245 |
_a1857 : _bpehli jang i azadi = پہلی جنگ آزادی / _cby Mian Muhammad Shafi = میاں محمد شفیع |
||
| 260 |
_aLahore : _bMaktabah Jamal, _c2004 |
||
| 300 | _a327 p. | ||
| 942 | _cBK | ||
| 999 |
_c138882 _d138882 |
||